<?xml version="1.0" encoding="UTF-8"?>
<record
    xmlns:xsi="http://www.w3.org/2001/XMLSchema-instance"
    xsi:schemaLocation="http://www.loc.gov/MARC21/slim http://www.loc.gov/standards/marcxml/schema/MARC21slim.xsd"
    xmlns="http://www.loc.gov/MARC21/slim">

  <leader>01634nam a22003377a 4500</leader>
  <datafield tag="999" ind1=" " ind2=" ">
    <subfield code="c">23497</subfield>
    <subfield code="d">23497</subfield>
  </datafield>
  <controlfield tag="003">AR-CdUCM</controlfield>
  <controlfield tag="008">260126b2023    pe ||||| |||| 00| 0 spa d</controlfield>
  <datafield tag="040" ind1=" " ind2=" ">
    <subfield code="a">MUNICIPALIDAD PROVINCIAL DEL CUSCO</subfield>
    <subfield code="c">BIBLIOTECA MUNICIPAL DEL CUSCO</subfield>
  </datafield>
  <datafield tag="082" ind1=" " ind2=" ">
    <subfield code="a">371.4 /</subfield>
    <subfield code="b">R47</subfield>
  </datafield>
  <datafield tag="100" ind1=" " ind2=" ">
    <subfield code="a">Reyes Bejar, Luis Enrique</subfield>
  </datafield>
  <datafield tag="245" ind1=" " ind2=" ">
    <subfield code="a">Superando a Carre&#xF1;o :</subfield>
    <subfield code="b">Manual de elegancia y estilo con pensamientos, consejos y lecciones de superaci&#xF3;n /</subfield>
  </datafield>
  <datafield tag="260" ind1=" " ind2=" ">
    <subfield code="a">Cusco :</subfield>
    <subfield code="b">Luis Enrique Reyes Bejar,</subfield>
    <subfield code="c">2024.</subfield>
  </datafield>
  <datafield tag="300" ind1=" " ind2=" ">
    <subfield code="a">155 p&#xE1;ginas. :</subfield>
    <subfield code="c">14 x 20 cm.</subfield>
  </datafield>
  <datafield tag="505" ind1=" " ind2=" ">
    <subfield code="a">Contenido: Cap&#xED;tulo I: La etiqueta social -- Cap&#xED;tulo II: La educaci&#xF3;n -- Cap&#xED;tulo III: Las emociones -- Cap&#xED;tulo IV: Las compa&#xF1;&#xED;as -- Cap&#xED;tulo V: Nuestro hogar -- Cap&#xED;tulo VI: La imagen personal -- Cap&#xED;tulo VII: El comportamiento -- Cap&#xED;tulo VIII: La etiqueta en la mesa -- Cap&#xED;tulo IX: Las fiestas -- Cap&#xED;tulo X: El trato social -- Cap&#xED;tulo XI: La personalidad -- Cap&#xED;tulo XII: La voluntad -- Cap&#xED;tulo XIII: El Per&#xFA; -- Cap&#xED;tulo XIV: Estar capacitado -- Cap&#xED;tulo XV: Valorando el sentir....</subfield>
  </datafield>
  <datafield tag="650" ind1=" " ind2=" ">
    <subfield code="a">El bullying</subfield>
    <subfield code="9">52220</subfield>
  </datafield>
  <datafield tag="650" ind1=" " ind2=" ">
    <subfield code="a">Los actos c&#xED;vicos</subfield>
    <subfield code="9">52221</subfield>
  </datafield>
  <datafield tag="650" ind1=" " ind2=" ">
    <subfield code="a">Ejercitar la mente</subfield>
    <subfield code="9">52222</subfield>
  </datafield>
  <datafield tag="650" ind1=" " ind2=" ">
    <subfield code="a">Los periodistas</subfield>
    <subfield code="9">52223</subfield>
  </datafield>
  <datafield tag="650" ind1=" " ind2=" ">
    <subfield code="a">Hablar en p&#xFA;blico</subfield>
    <subfield code="9">52224</subfield>
  </datafield>
  <datafield tag="650" ind1=" " ind2=" ">
    <subfield code="a">El sufrimiento</subfield>
    <subfield code="9">52225</subfield>
  </datafield>
  <datafield tag="650" ind1=" " ind2=" ">
    <subfield code="a">Culto a la amistad</subfield>
    <subfield code="9">52226</subfield>
  </datafield>
  <datafield tag="650" ind1=" " ind2=" ">
    <subfield code="a">El romanticismo</subfield>
    <subfield code="9">32712</subfield>
  </datafield>
  <datafield tag="650" ind1=" " ind2=" ">
    <subfield code="a">Normas de cortes&#xED;a </subfield>
    <subfield code="9">52227</subfield>
  </datafield>
  <datafield tag="650" ind1=" " ind2=" ">
    <subfield code="a">El autocuidado</subfield>
    <subfield code="9">52228</subfield>
  </datafield>
  <datafield tag="650" ind1=" " ind2=" ">
    <subfield code="a">La urbanidad</subfield>
    <subfield code="9">52229</subfield>
  </datafield>
  <datafield tag="650" ind1=" " ind2=" ">
    <subfield code="a">El respeto </subfield>
    <subfield code="9">52230</subfield>
  </datafield>
  <datafield tag="650" ind1=" " ind2=" ">
    <subfield code="a">La franqueza</subfield>
    <subfield code="9">52231</subfield>
  </datafield>
  <datafield tag="942" ind1=" " ind2=" ">
    <subfield code="2">ddc</subfield>
    <subfield code="c">LIBROS</subfield>
  </datafield>
  <datafield tag="945" ind1=" " ind2=" ">
    <subfield code="a">jmcs</subfield>
    <subfield code="d">26/01/2026</subfield>
  </datafield>
  <datafield tag="952" ind1=" " ind2=" ">
    <subfield code="0">0</subfield>
    <subfield code="2">ddc</subfield>
    <subfield code="4">0</subfield>
    <subfield code="7">0</subfield>
    <subfield code="a">SH</subfield>
    <subfield code="b">SH</subfield>
    <subfield code="c">CART</subfield>
    <subfield code="d">2026-01-26</subfield>
    <subfield code="e">Donaci&#xF3;n</subfield>
    <subfield code="g">12.00</subfield>
    <subfield code="o">371.4 / R47</subfield>
    <subfield code="p">SH0000017053</subfield>
    <subfield code="r">2026-01-26</subfield>
    <subfield code="y">LIBROS</subfield>
  </datafield>
</record>
